| 000 | 00371nam a2200145Ia 4500 | ||
|---|---|---|---|
| 008 | 230312s9999||||xx |||||||||||||| ||und|| | ||
| 020 | _a93-325-3523-7 | ||
| 082 |
_a512.7 _bSIL-A |
||
| 100 | _aSilverman;Joseph | ||
| 245 | 2 | _aA Friendly introduction to number theory | |
| 260 |
_bPearson _aIndia _c2014 |
||
| 300 | _a460 | ||
| 650 |
_aEngineering _vAvionics |
||
| 942 | _cBK | ||
| 999 |
_c12330 _d12330 |
||